| 000 | 00640nam a2200205Ia 4500 | ||
|---|---|---|---|
| 008 | 100315s9999 xx 000 0 und d | ||
| 082 |
_b3034 _a332.1 |
||
| 100 | _a"BEDI, H. L. AYYAR, G. S. & OTHERS " | ||
| 245 | _aTHEORY AND PRACTICE OF BANKING | ||
| 250 | _a6th | ||
| 260 |
_aMumbai _bJEEVANDEEP _c1984 |
||
| 300 | _a"XIV,445P " | ||
| 365 |
_eAus.Sch. _d1 _b45.00 |
||
| 366 | _f0 | ||
| 530 | _b- | ||
| 620 | _a"History of Indian Banking, Banker & Customer, Loans & Advances, Lines of Defence " | ||
| 630 | _aTHEORY AND PRACTICE OF BANKING | ||
| 730 | _aTHEORY AND PRACTICE OF BANKING | ||
| 942 | _cBOOK | ||
| 999 |
_c477769 _d477766 |
||